Statistics for 2016 European Universities Games

Click here to take the quiz!

General Stats

  • This quiz has been taken 8 times
  • The average score is 10 of 21

Answer Stats

Sport% Correct
Football
100%
Tennis
100%
Rugby sevens
88%
Badminton
75%
Swimming
75%
Basketball
63%
Table Tennis
63%
Golf
50%
Handball
50%
Judo
50%
Bridge
38%
Chess
38%
Rowing
38%
Taekwondo
38%
Volleyball
38%
Climbing
25%
Futsal
25%
Karate
25%
Water polo
25%
Basketball 3x3
13%
Beach volleyball
13%

Score Distribution

Percentile by Number Answered

Percent of People with Each Score

Your Score History

You have not taken this quiz